000 00829nam a2200241Ia 4500
003 OSt
005 20220923223307.0
006 a|||||r|||| 00| 0
007 ta
008 220922b |||||||| |||| 00| 0 hin d
024 _a213,003
037 _cTextual
040 _aARTS
_cARTS
_bhin
041 _2hin
_ahin
082 _aP:795x, 152P2-;1 (O152D/Tr)
100 _aगुप्ता, नीता, संपा.
245 0 _aअनुवाद मूल्यांकन
246 _aAnuvād mūlyāankana
260 _aनई दिल्ली
_b भारतीय अनुवाद परिषद्
_c2002
300 _a257पृ.
_ccm.
942 _hP:795x, 152P2-;1 (O152D/Tr)
_cTEXL
_2CC
999 _c363265
_d363265